000 00696nam a2200289Ia 4500
005 20260324111504.0
008 008 260324s9999 xx 000 0 eng d
020 _a9781003164104
037 _aEBOOK
040 _aCRL
040 _beng
040 _cCRL
041 _2eng
041 _aeng
084 _qCRL
100 _aErik Magnusson
_91138771
245 0 _aProcreative Justice
245 0 _bBalancing the Interests of Parents, Children, and Society
260 _bTaylor and Francis
260 _c2025
365 _a
365 _b230
856 _uhttp://www.taylorfrancis.com/books/9781003164104
942 _cEBOOK
999 _c1727613
_d1727613